[Event "Oberliga Ost-B 1819"]
[Site "Germany"]
[Date "2019.02.02"]
[Round "6.7"]
[White "Neubauer, Andreas"]
[Black "Goll, Christof"]
[Result "1/2-1/2"]
[WhiteElo "2161"]
[BlackElo "2057"]
[PlyCount "52"]
[EventDate "2018.10.21"]
[EventType "team-tourn"]
[EventRounds "11"]
[EventCountry "GER"]
[SourceTitle "EXT 2020"]
[Source "ChessBase"]
[SourceDate "2019.10.17"]
[SourceVersion "1"]
[SourceVersionDate "2019.10.17"]
[SourceQuality "1"]
[WhiteTeam "Stadtilm Blau Weiss"]
[BlackTeam "Nied Koenig"]
[WhiteTeamCountry "GER"]
[BlackTeamCountry "GER"]

1. d4 d5 2. Nf3 Nf6 3. g3 g6 4. Bg2 Bg7 5. 0-0 0-0 6. c4 c6 7. Nc3 Nbd7 8. cxd5 Nxd5 9. Na4 N5b6 10. Nc3 Nd5 11. Nxd5 cxd5 12. Bf4 Qb6 13. Qa4 Nf6 14. Qa3 Re8 15. Rac1 Ne4 16. e3 Bf5 17. h3 h5 18. Bc7 Qb5 19. Ba5 Bf8 20. Be1 Rec8 21. Rxc8 Rxc8 22. Nd2 Nxd2 23. Bxd2 e5 24. Qa5 Qxa5 25. Bxa5 e4 26. Bc3 Bd6 1/2-1/2

[Event "Oberliga Ost-B 1819"]
[Site "Germany"]
[Date "2018.10.21"]
[Round "1.8"]
[White "Boehmer, Thomas"]
[Black "Goll, Christof"]
[Result "1/2-1/2"]
[WhiteElo "1975"]
[BlackElo "2057"]
[PlyCount "44"]
[EventDate "2018.10.21"]
[EventType "team-tourn"]
[EventRounds "11"]
[EventCountry "GER"]
[SourceTitle "EXT 2020"]
[Source "ChessBase"]
[SourceDate "2019.10.17"]
[SourceVersion "1"]
[SourceVersionDate "2019.10.17"]
[SourceQuality "1"]
[WhiteTeam "Wiesbaden"]
[BlackTeam "Nied Koenig"]
[WhiteTeamCountry "GER"]
[BlackTeamCountry "GER"]

1. d4 d5 2. c4 e6 3. Nc3 Be7 4. Bf4 Nf6 5. e3 0-0 6. Nf3 b6 7. cxd5 Nxd5 8. Nxd5 Qxd5 9. a3 Bd6 10. Bxd6 Qxd6 11. Rc1 h6 12. Qc2 c6 13. Qe4 f5 14. Qe5 Rd8 15. Bc4 Qxe5 16. Nxe5 Rd6 17. Bb3 Bb7 18. 0-0 Na6 19. Rfd1 Rad8 20. Nc4 Rd5 21. Ne5 R5d6 22. Nc4 Rd5 1/2-1/2

[Event "Oberliga Ost-B 1516"]
[Site "Germany"]
[Date "2016.04.10"]
[Round "11.6"]
[White "Schmuck, Helmut"]
[Black "Goll, Christof"]
[Result "1/2-1/2"]
[WhiteElo "2136"]
[BlackElo "2114"]
[PlyCount "47"]
[EventDate "2015.09.20"]
[EventType "team-tourn"]
[EventRounds "11"]
[EventCountry "GER"]
[SourceTitle "EXT 2017"]
[Source "ChessBase"]
[SourceDate "2016.10.25"]
[SourceVersion "1"]
[SourceVersionDate "2016.10.25"]
[SourceQuality "1"]
[WhiteTeam "Erfurt Empor"]
[BlackTeam "Nied"]
[WhiteTeamCountry "GER"]
[BlackTeamCountry "GER"]

1. d4 e6 2. c4 f5 3. g3 Nf6 4. Bg2 Bb4+ 5. Nd2 c5 6. d5 e5 7. a3 Bxd2+ 8. Bxd2 d6 9. Qc2 0-0 10. b4 Na6 11. b5 Nb8 12. Nh3 h6 13. f4 e4 14. e3 Qe7 15. 0-0 Ng4 16. Nf2 Nxf2 17. Kxf2 Nd7 18. Bc3 Nf6 19. Bxf6 Qxf6 20. Rfb1 Bd7 21. Qb2 Qe7 22. Re1 Rae8 23. Qc3 Qd8 24. a4 1/2-1/2

[Event "Oberliga Ost-B 1516"]
[Site "Germany"]
[Date "2015.12.13"]
[Round "5.7"]
[White "Goll, Christof"]
[Black "Neidhardt, Helge"]
[Result "1/2-1/2"]
[WhiteElo "2114"]
[BlackElo "2009"]
[PlyCount "100"]
[EventDate "2015.09.20"]
[EventType "team-tourn"]
[EventRounds "11"]
[EventCountry "GER"]
[SourceTitle "EXT 2017"]
[Source "ChessBase"]
[SourceDate "2016.10.25"]
[SourceVersion "1"]
[SourceVersionDate "2016.10.25"]
[SourceQuality "1"]
[WhiteTeam "Nied"]
[BlackTeam "Marburg"]
[WhiteTeamCountry "GER"]
[BlackTeamCountry "GER"]

1. d4 Nf6 2. Nf3 b6 3. c4 e6 4. Nc3 Bb4 5. Qb3 c5 6. a3 Bxc3+ 7. Qxc3 Bb7 8. b4 0-0 9. Bb2 d6 10. e3 Ne4 11. Qc2 Nd7 12. Bd3 f5 13. 0-0 Qe7 14. Nd2 Nxd2 15. Qxd2 Rad8 16. Qe2 e5 17. d5 Rde8 18. e4 f4 19. f3 Rf7 20. Rf2 Bc8 21. Kf1 Qh4 22. h3 Qd8 23. Bc3 Nf6 24. Ke1 Ree7 25. Qc2 Nh5 26. Qa4 Rc7 27. Rb1 Qh4 28. bxc5 dxc5 29. Bxe5 Rce7 30. Bc3 Ng3 31. d6 Re6 32. e5 Nh1 33. Rbb2 Nxf2 34. Rxf2 Rd7 35. Be4 Qd8 36. Rd2 Bb7 37. Bxb7 Rxb7 38. Qc6 Rd7 39. Qd5 Qe8 40. Kd1 g5 41. Kc1 Qf7 42. a4 Re8 43. Qe4 Qe6 44. a5 Rb8 45. axb6 axb6 46. Ra2 Rdb7 47. Ra8 Rxa8 48. Qxb7 Ra3 49. d7 Rxc3+ 50. Kd2 Rc2+ 1/2-1/2

[Event "Hessenliga 1314"]
[Site "Germany"]
[Date "2014.03.30"]
[Round "8.5"]
[White "Goll, Christof"]
[Black "Rothenbacher, Jochen"]
[Result "0-1"]
[WhiteElo "2114"]
[BlackElo "2138"]
[PlyCount "126"]
[EventDate "2013.09.29"]
[EventType "team-tourn"]
[EventRounds "9"]
[EventCountry "GER"]
[SourceTitle "EXT 2015"]
[Source "ChessBase"]
[SourceDate "2014.11.20"]
[SourceVersion "1"]
[SourceVersionDate "2014.11.20"]
[SourceQuality "1"]
[WhiteTeam "Nied"]
[BlackTeam "Bad Nauheim"]
[WhiteTeamCountry "GER"]
[BlackTeamCountry "GER"]

1. c4 d6 2. g3 e5 3. Bg2 f5 4. Nc3 Nf6 5. d3 Be7 6. e4 c6 7. Nge2 0-0 8. 0-0 a5 9. exf5 Bxf5 10. h3 Na6 11. d4 Nb4 12. Bg5 Qb6 13. Qd2 Rad8 14. Be3 Qc7 15. g4 Bg6 16. Rac1 Bf7 17. b3 d5 18. c5 Nd7 19. Na4 Bg6 20. f4 e4 21. f5 Bf7 22. Bf4 Qc8 23. Nb2 Nxa2 24. Ra1 Nb4 25. Rxa5 Na6 26. Rfa1 Rde8 27. R5a4 Naxc5 28. dxc5 Nxc5 29. Ra8 Qd7 30. Rxe8 Rxe8 31. Nd4 Bf6 32. Ra3 Na6 33. b4 Be7 34. Rb3 Ra8 35. Na4 Nc7 36. Nc5 Qc8 37. Qc3 Bf6 38. Qd2 b6 39. Nce6 Nxe6 40. fxe6 Bxe6 41. Qf2 Bd7 42. g5 Be7 43. Qg3 Ra1+ 44. Kh2 Ra4 45. Bd6 Qf8 46. Be5 Bxb4 47. g6 h6 48. Rb1 Ra3 49. Nb3 Qe7 50. Rf1 Rxb3 51. Qf4 Be6 52. Ra1 Ra3 53. Rb1 Ra8 54. Rxb4 Qxb4 55. Bd6 Qb2 56. Be5 Qa3 57. Bxg7 Qe7 58. Bxh6 Rd8 59. Qg3 Re8 60. h4 Bf5 61. Bg5 Qe6 62. h5 e3 63. Qc7 Qe5+ 0-1

[Event "Hessenliga 1314"]
[Site "Germany"]
[Date "2014.01.12"]
[Round "5.5"]
[White "Duncker, Joachim"]
[Black "Goll, Christof"]
[Result "1/2-1/2"]
[WhiteElo "2251"]
[BlackElo "2114"]
[PlyCount "94"]
[EventDate "2013.09.29"]
[EventType "team-tourn"]
[EventRounds "9"]
[EventCountry "GER"]
[SourceTitle "EXT 2015"]
[Source "ChessBase"]
[SourceDate "2014.11.20"]
[SourceVersion "1"]
[SourceVersionDate "2014.11.20"]
[SourceQuality "1"]
[WhiteTeam "Marburg"]
[BlackTeam "Nied"]
[WhiteTeamCountry "GER"]
[BlackTeamCountry "GER"]

1. e4 e6 2. d4 d5 3. exd5 exd5 4. Bd3 Nc6 5. c3 Bd6 6. Qf3 Nf6 7. h3 h6 8. Ne2 Be6 9. Bf4 Qd7 10. Nd2 0-0-0 11. Bxd6 Qxd6 12. 0-0-0 Kb8 13. Rde1 Rde8 14. Qg3 Qxg3 15. Nxg3 Bd7 16. Nf3 Rxe1+ 17. Rxe1 Re8 18. Rxe8+ Nxe8 19. Bb5 f6 20. Nh4 Kc8 21. Ng6 Kd8 22. Nf8 Ke7 23. Nxd7 Kxd7 24. Nf5 a6 25. Bxc6+ Kxc6 26. g4 Kd7 27. h4 Ke6 28. h5 Kf7 29. Ne3 Ke6 30. f4 c6 31. Nf5 Kf7 32. Kc2 g6 33. hxg6+ Kxg6 34. Ne7+ Kf7 35. Nf5 Kg6 36. Ne7+ Kf7 37. Nc8 Kg6 38. Kd3 h5 39. gxh5+ Kxh5 40. Ke3 Kg4 41. Nb6 Nd6 42. Nd7 Nc4+ 43. Ke2 Kxf4 44. b3 Nd6 45. Nxf6 Ne4 46. Nxe4 Kxe4 47. b4 b5 1/2-1/2

[Event "Hessenliga 1314"]
[Site "Germany"]
[Date "2013.12.08"]
[Round "4.5"]
[White "Goll, Christof"]
[Black "Seipp, Thorsten"]
[Result "1/2-1/2"]
[WhiteElo "2114"]
[BlackElo "2118"]
[PlyCount "63"]
[EventDate "2013.09.29"]
[EventType "team-tourn"]
[EventRounds "9"]
[EventCountry "GER"]
[SourceTitle "EXT 2015"]
[Source "ChessBase"]
[SourceDate "2014.11.20"]
[SourceVersion "1"]
[SourceVersionDate "2014.11.20"]
[SourceQuality "1"]
[WhiteTeam "Nied"]
[BlackTeam "Griesheim II"]
[WhiteTeamCountry "GER"]
[BlackTeamCountry "GER"]

1. c4 e6 2. d4 d5 3. Nc3 Be7 4. Nf3 Nf6 5. Bf4 0-0 6. e3 Nbd7 7. h3 c5 8. Be2 cxd4 9. Qxd4 Qa5 10. 0-0 dxc4 11. Qxc4 Nb6 12. Qb5 Qxb5 13. Nxb5 Nbd5 14. Be5 a6 15. Nd6 Rd8 16. Nc4 Bd7 17. Na5 b6 18. Nb3 Be8 19. Rac1 Nd7 20. Bg3 Nc5 21. Nxc5 Bxc5 22. Kh2 a5 23. a3 Rac8 24. Ba6 Ra8 25. Bc4 h6 26. Rfd1 Nf6 27. Bc7 Rdc8 28. Bf4 Ne4 29. Kg1 Rd8 30. Bc7 Rdc8 31. Be5 Rd8 32. Bc7 1/2-1/2

[Event "Hessenliga 1213"]
[Site "Germany"]
[Date "2012.11.04"]
[Round "3.4"]
[White "Goll, Christof"]
[Black "Kierzek, Matthias"]
[Result "1-0"]
[WhiteElo "2114"]
[BlackElo "2196"]
[PlyCount "143"]
[EventDate "2012.09.16"]
[EventType "team-tourn"]
[EventRounds "9"]
[EventCountry "GER"]
[SourceTitle "EXT 2014"]
[Source "ChessBase"]
[SourceDate "2013.11.20"]
[SourceVersion "1"]
[SourceVersionDate "2013.11.20"]
[SourceQuality "1"]
[WhiteTeam "Nied"]
[BlackTeam "Fulda"]
[WhiteTeamCountry "GER"]
[BlackTeamCountry "GER"]

1. d4 d5 2. Nf3 c5 3. c3 Nf6 4. e3 e6 5. Nbd2 Nc6 6. Bd3 Bd6 7. 0-0 0-0 8. dxc5 Bxc5 9. e4 Qc7 10. Qe2 Nh5 11. Nb3 Bd6 12. g3 Nf6 13. Nbd2 h6 14. Re1 dxe4 15. Nxe4 Nxe4 16. Qxe4 f5 17. Qc4 Kh7 18. g4 Ne5 19. Nxe5 Bxe5 20. Qxc7 Bxc7 21. Be3 Bd7 22. Bd4 g6 23. h3 a6 24. Re2 fxg4 25. hxg4 Rf4 26. Re4 e5 27. Rxf4 exf4 28. Re1 Bd6 29. f3 b5 30. Kf2 a5 31. Rh1 Be7 32. Kg2 b4 33. Re1 Bd6 34. g5 Re8 35. Rh1 Bf8 36. Be4 bxc3 37. Bxc3 a4 38. gxh6 Bf5 39. Bxf5 gxf5 40. Rh5 Bc5 41. Rxf5 Re2+ 42. Kf1 Rf2+ 43. Ke1 Be3 44. Rxf4 a3 45. bxa3 Rc2 46. Rf7+ Kxh6 47. Bb4 Rxa2 48. Re7 Bf4 49. Re2 Ra1+ 50. Kf2 Kg5 51. Be7+ Kf5 52. Bb4 Rh1 53. Re8 Be5 54. Rf8+ Ke6 55. f4 Bf6 56. f5+ Kxf5 57. Bc3 Rh2+ 58. Kg3 Rh6 59. a4 Ke6 60. Bxf6 Kd7 61. Be5 Ra6 62. Rf4 Kc6 63. Kf3 Rb6 64. Ke3 Rb3+ 65. Kd2 Kb6 66. Bc3 Rb1 67. a5+ Ka6 68. Rf6+ Ka7 69. Bd4+ Kb7 70. Rb6+ Ka8 71. Kc2 Rb3 72. Kxb3 1-0

[Event "Hessenliga 0708"]
[Site "Germany"]
[Date "2008.03.02"]
[Round "7.6"]
[White "Kuhn, Gerhard"]
[Black "Goll, Christof"]
[Result "1-0"]
[WhiteElo "2090"]
[BlackElo "2107"]
[PlyCount "55"]
[EventDate "2007.09.30"]
[EventType "team"]
[EventRounds "9"]
[EventCountry "GER"]
[SourceTitle "EXT 2009"]
[Source "ChessBase"]
[SourceDate "2008.11.26"]
[SourceVersion "1"]
[SourceVersionDate "2008.11.26"]
[SourceQuality "1"]
[WhiteTeam "Marburg"]
[BlackTeam "Koenig Nied"]
[WhiteTeamCountry "GER"]
[BlackTeamCountry "GER"]

1. e4 e6 2. d4 d5 3. Nd2 Nc6 4. c3 e5 5. Ngf3 exd4 6. cxd4 dxe4 7. Nxe4 Bb4+ 8. Nc3 Nf6 9. Bb5 Qd5 10. Qe2+ Be6 11. 0-0 Qh5 12. d5 Nxd5 13. Nxd5 Qxd5 14. Rd1 Qh5 15. Bxc6+ bxc6 16. Qe4 Bd6 17. Qxc6+ Ke7 18. Bg5+ f6 19. Rxd6 cxd6 20. Qb7+ Bd7 21. Re1+ Kf7 22. Qxd7+ Kg8 23. Re7 Qg6 24. Qe6+ Kf8 25. Qxd6 Kg8 26. Qd5+ Kf8 27. Rc7 Re8 28. Bf4 1-0

[Event "Hessenliga 0708"]
[Site "Germany"]
[Date "2008.01.20"]
[Round "5.5"]
[White "Goll, Christof"]
[Black "Flach, Erich"]
[Result "0-1"]
[WhiteElo "2107"]
[BlackElo "2143"]
[PlyCount "62"]
[EventDate "2007.09.30"]
[EventType "team"]
[EventRounds "9"]
[EventCountry "GER"]
[SourceTitle "EXT 2009"]
[Source "ChessBase"]
[SourceDate "2008.11.26"]
[SourceVersion "1"]
[SourceVersionDate "2008.11.26"]
[SourceQuality "1"]
[WhiteTeam "Koenig Nied"]
[BlackTeam "Bensheim"]
[WhiteTeamCountry "GER"]
[BlackTeamCountry "GER"]

1. c4 e5 2. g3 Nf6 3. Bg2 Nc6 4. Nc3 Bb4 5. Nd5 Bc5 6. a3 a5 7. e3 d6 8. Ne2 Bg4 9. h3 Bh5 10. 0-0 0-0 11. d3 Nxd5 12. Bxd5 Kh8 13. Bg2 f5 14. Qc2 Qd7 15. f4 Rae8 16. Kh2 Rf7 17. Nc3 exf4 18. exf4 Nd4 19. Qa4 Qxa4 20. Nxa4 Be2 21. Re1 Nc2 22. Bd2 Nxa1 23. Rxa1 Bxd3 24. Nxc5 dxc5 25. Bc3 b6 26. Bd5 Rfe7 27. Rd1 Bc2 28. Rc1 Be4 29. Rd1 Bc2 30. Rc1 Re2+ 31. Kg1 R8e3 0-1